01768cam a22003134a 450000100090000000300050000900500170001400800410003101000170007202000280008904000180011704200080013505000210014308200140016410000370017824500620021526000440027730000350032144000320035650400510038850506110043965000490105065000520109985600890115190600450124094200120128599900190129795201380131611814266NUST20230124154527.0991019s2000 gw a b 001 0 eng  a 99055150  a3540666788 (alk. paper) aDLCcDLCdDLC apcc00aQH506b.S89 200000a572.82211 aSurzycki, Stefan,d1936-910755910aBasic techniques in molecular biology /cStefan Surzycki. aBerlin ;aNew York :bSpringer,cc2000. aviii, 434 p. :bill. ;c25 cm. 0aSpringer lab manual9107560 aIncludes bibliographical references and index. aGeneral Aspects of DNA Isolation and Purification -- Preparation of Genomic DNA from Animal Cells -- Preparation of Genomic DNA from Plant Cells -- Preparation of Genomic DNA from Bacteria -- Isolation of Plasmid DNA -- Isolation and Purification of RNA -- Isolation of PolyA+ RNA -- Agarose Gel Electrophoresis of DNA -- Preparation of Probes for Hybridization -- Nucleic Acid Hybridization. A Theoretical Consideration -- DNA Transfer and Hybridization -- Northern Transfer and Hybridization -- DNA Cloning. General Consideration -- DNA Cloning - Experimental Procedures -- DNA Sequencing -- PCR Analysis 0aMolecular biologyvLaboratory manuals.92567 0aMolecular geneticsvLaboratory manuals.9107561423Publisher descriptionuhttp://www.loc.gov/catdir/enhancements/fy0818/99055150-d.html a7bcbccorignewd1eocipf19gy-gencatlg 2ddccBK c592981d592981 00102ddc4070aASABbASABd2023-01-20ePurchase / (Progressive Books)o572.8 SUR 2000 3515pASAB3515r2023-01-24t1w2023-01-24yBK